[Event "Verona op-A"]
[Site "Verona"]
[Date "2019.01.05"]
[Round "5"]
[White "Garista, Eugenio"]
[Black "Privitera, Franco"]
[Result "1/2-1/2"]
[WhiteElo "1959"]
[BlackElo "1959"]
[PlyCount "91"]
[EventDate "2019.01.02"]
[EventType "swiss"]
[EventRounds "7"]
[EventCountry "ITA"]
[SourceTitle "CBM 188 Extra"]
[Source "ChessBase"]
[SourceDate "2019.02.26"]
[SourceVersion "1"]
[SourceVersionDate "2019.02.26"]
[SourceQuality "1"]

1. e4 e6 2. d4 d5 3. e5 Qd7 4. Bd3 b6 5. Qe2 a5 6. Nf3 Ba6 7. 0-0 Bxd3 8. Qxd3 Ne7 9. c4 dxc4 10. Qxc4 Qc6 11. Qb3 Qd5 12. Nc3 Qxb3 13. axb3 Na6 14. Rd1 Nb4 15. Bg5 Ned5 16. Rac1 h6 17. Bh4 g5 18. Bg3 0-0-0 19. Nxd5 Rxd5 20. Rc4 Kb7 21. Rdc1 c5 22. dxc5 Bxc5 23. h4 gxh4 24. Bxh4 Rg8 25. Rf4 Rd7 26. Rf6 Rg6 27. Kf1 Nd5 28. Rxg6 fxg6 29. Rc4 g5 30. Bg3 Ne7 31. Ke2 Nf5 32. Bh2 Ka6 33. g4 Nd4+ 34. Nxd4 Rxd4 35. f4 Kb5 36. Rxd4 Bxd4 37. Kd3 Bxb2 38. f5 Kc6 39. fxe6 b5 40. Bg3 Ba3 41. Be1 Be7 42. Bxa5 Kd5 43. Bc7 Kxe6 44. Ke4 Bf8 45. Bb8 Be7 46. Bc7 1/2-1/2

[Event "Verona op-A"]
[Site "Verona"]
[Date "2019.01.03"]
[Round "2"]
[White "Garonzi, Martino"]
[Black "Garista, Eugenio"]
[Result "1-0"]
[WhiteElo "2039"]
[BlackElo "1959"]
[PlyCount "81"]
[EventDate "2019.01.02"]
[EventType "swiss"]
[EventRounds "7"]
[EventCountry "ITA"]
[SourceTitle "CBM 188 Extra"]
[Source "ChessBase"]
[SourceDate "2019.02.26"]
[SourceVersion "1"]
[SourceVersionDate "2019.02.26"]
[SourceQuality "1"]

1. d4 Nf6 2. Nf3 d5 3. c4 e6 4. Nc3 Nbd7 5. e3 c6 6. Bd3 Bd6 7. 0-0 0-0 8. e4 dxe4 9. Nxe4 Nxe4 10. Bxe4 Nf6 11. Bc2 h6 12. Be3 Qa5 13. a3 Qh5 14. Ne5 Qh4 15. f4 Rd8 16. Qf3 Nd7 17. Bf2 Qe7 18. Qd3 f5 19. Qh3 c5 20. Rae1 cxd4 21. Bxd4 Bc5 22. Qe3 Bxd4 23. Qxd4 Nxe5 24. Qxe5 Qf6 25. Rd1 Rxd1 26. Rxd1 Qxe5 27. fxe5 Kf7 28. Kf2 Ke7 29. Ba4 b6 30. Ke3 a6 31. Rd6 Rb8 32. Bc6 g5 33. b4 a5 34. b5 Kf7 35. Kd4 Ke7 36. c5 bxc5+ 37. Kxc5 f4 38. b6 Ba6 39. Rd7+ Kf8 40. Ra7 Be2 41. b7 1-0

[Event "Verona op-A"]
[Site "Verona"]
[Date "2019.01.02"]
[Round "1"]
[White "Garista, Eugenio"]
[Black "Vezzani, Stefano"]
[Result "0-1"]
[WhiteElo "1959"]
[BlackElo "2127"]
[PlyCount "114"]
[EventDate "2019.01.02"]
[EventType "swiss"]
[EventRounds "7"]
[EventCountry "ITA"]
[SourceTitle "CBM 188 Extra"]
[Source "ChessBase"]
[SourceDate "2019.02.26"]
[SourceVersion "1"]
[SourceVersionDate "2019.02.26"]
[SourceQuality "1"]

1. e4 g6 2. d4 Bg7 3. f4 d5 4. e5 Nh6 5. Nf3 f6 6. Bd3 Bg4 7. h3 Bxf3 8. Qxf3 fxe5 9. fxe5 Rf8 10. Qg3 Nf5 11. Qg4 Nc6 12. c3 Qd7 13. 0-0 e6 14. Bg5 Nce7 15. Nd2 Kf7 16. h4 Kg8 17. h5 Qe8 18. Bxe7 gxh5 19. Qg5 h6 20. Qf4 Qxe7 21. Nf3 Rf7 22. Bxf5 Rxf5 23. Qh4 Qxh4 24. Nxh4 Rxf1+ 25. Rxf1 Rf8 26. Ng6 Rxf1+ 27. Kxf1 Kf7 28. Nf4 h4 29. Ke2 Bf8 30. b4 Be7 31. Kf3 Bg5 32. Kg4 b5 33. Kf3 h5 34. Nd3 Bd2 35. Nc5 Bxc3 36. Na6 Bxd4 37. Nxc7 Bxe5 38. Nxb5 a6 39. Na7 Bc3 40. b5 axb5 41. Nxb5 Ba5 42. Kf4 Kf6 43. a4 e5+ 44. Ke3 Kf5 45. Kf3 e4+ 46. Ke2 Bb6 47. Nd6+ Ke5 48. Nb7 d4 49. a5 d3+ 50. Kd2 Bf2 51. Nd8 Kf4 52. Ne6+ Kg3 53. Ng5 Kxg2 54. Nxe4 Ba7 55. Ng5 h3 56. Nxh3 Kxh3 57. Kxd3 Kg2 0-1

[Event "Verona op-A"]
[Site "Verona"]
[Date "2017.01.03"]
[Round "3"]
[White "Danieli, Enrico"]
[Black "Garista, Eugenio"]
[Result "0-1"]
[WhiteElo "2002"]
[BlackElo "2113"]
[PlyCount "72"]
[EventDate "2017.01.02"]
[EventType "swiss"]
[EventRounds "7"]
[EventCountry "ITA"]
[SourceTitle "CBM 176 Extra"]
[Source "ChessBase"]
[SourceDate "2017.03.02"]
[SourceVersion "1"]
[SourceVersionDate "2017.03.02"]
[SourceQuality "1"]

1. d4 Nf6 2. Nc3 d5 3. e4 dxe4 4. f3 exf3 5. Nxf3 Bg4 6. h3 Bh5 7. g4 Bg6 8. Ne5 e6 9. Qf3 c6 10. g5 Nd5 11. Bd3 Nd7 12. Nxg6 hxg6 13. Rf1 Qe7 14. Bd2 0-0-0 15. Qxf7 Rxh3 16. Bxg6 Ne3 17. Bxe3 Rxe3+ 18. Kd2 Qxg5 19. Qf4 Qxf4 20. Rxf4 Rg3 21. Bd3 e5 22. Rf7 exd4 23. Ne2 Bb4+ 24. Kd1 Re8 25. Rf1 Rge3 26. a3 Ba5 27. b4 Bb6 28. a4 a5 29. Rb1 Kc7 30. Rf7 R8e7 31. Rf5 axb4 32. a5 Bc5 33. Rb3 Ne5 34. Nf4 Nxd3 35. Nxd3 Bd6 36. Rb1 c5 0-1